[Event "Online Olym Div2 C 2021"]
[Site "chess.com INT"]
[Date "2021.09.04"]
[Round "7.2"]
[Board "6"]
[White "Mawire, Rumbidzai"]
[Black "Levitan, Ronit"]
[Result "0-1"]
[WhiteTitle "WCM"]
[BlackTitle "WCM"]
[WhiteElo "1388"]
[BlackElo "2171"]
[WhiteTeam "Zimbabwe"]
[BlackTeam "Israel"]
[WhiteFideId "14317940"]
[BlackFideId "2815109"]
[EventDate "2021.09.02"]
[EventType "team"]

1. e4 e5 2. Nf3 Nc6 3. Bb5 a6 4. Ba4 Nf6 5. Qe2 b5 6. Bb3 Bc5 7. d3 d6 8. O-O h6
9. c3 Bg4 10. Be3 Qe7 11. h3 Bh5 12. Nbd2 g5 13. Bxc5 dxc5 14. Qe3 g4 15. Nh4
gxh3 16. Nf5 Qd7 17. Qxh3 Bg4 18. Qe3 Bxf5 19. exf5 Qxf5 20. Nf3 Rg8 21. g3 Ng4
22. Qe4 Qxe4 23. dxe4 c4 24. Bc2 O-O-O 25. Rad1 Nf6 26. a4 Nh7 27. Nh4 b4 28.
cxb4 Nxb4 29. Bb1 Ng5 30. Nf5 Kb7 31. Ne3 Nf3+ 32. Kg2 Nd2 33. Rh1 Rg6 34. Nxc4
Rd4 35. Nxe5 Rf6 36. Ng4 Rg6 37. Nxh6 c5 38. e5 Nxb1 39. Rxb1 Rd2 40. Nxf7 Nd3
41. Nd6+ Kc6 42. Rhf1 Nxe5 43. Ne4 Re2 44. Nc3 Rc2 45. Rfc1 Rd2 46. Rd1 Rc2 47.
Re1 Nd3 48. Re3 Rxf2+ 49. Kh3 Rd2 50. Rd1 Nf2+ 51. Kh4 Nxd1 52. Nxd1 Rxd1 53.
Rc3 Rh1# 0-1

[Event "Online Olym Div2 C 2021"]
[Site "chess.com INT"]
[Date "2021.09.04"]
[Round "7.3"]
[Board "1"]
[White "Agrest, Evgenij"]
[Black "Elsness, Frode"]
[Result "1-0"]
[WhiteTitle "GM"]
[BlackTitle "IM"]
[WhiteElo "2568"]
[BlackElo "2467"]
[WhiteTeam "Sweden"]
[BlackTeam "Norway"]
[WhiteFideId "1705024"]
[BlackFideId "1501100"]
[EventDate "2021.09.02"]
[EventType "team"]

1. Nf3 d5 2. e3 Nf6 3. c4 e6 4. b3 b6 5. Bb2 Bd6 6. Nc3 a6 7. cxd5 exd5 8. g3
O-O 9. Bg2 Bb7 10. O-O Re8 11. Rc1 Nbd7 12. Ne2 c5 13. Re1 b5 14. Qc2 Rc8 15.
Qb1 Ba8 16. Qa1 Bf8 17. d3 Qe7 18. Nf4 g6 19. a4 Qd6 20. Rc2 Bb7 21. Rec1 Qb6
22. Bh3 d4 23. Nxd4 g5 24. a5 Qd8 25. Nde6 fxe6 26. Nxe6 Qe7 27. Nxf8 Rxf8 28.
Bxf6 Nxf6 29. Bxc8 Rxc8 30. e4 Nd7 31. f4 1-0

[Event "Online Olym Div2 C 2021"]
[Site "chess.com INT"]
[Date "2021.09.04"]
[Round "7.3"]
[Board "2"]
[White "Notkevich, Benjamin Arvola"]
[Black "Blomqvist, Erik"]
[Result "1/2-1/2"]
[WhiteTitle "GM"]
[BlackTitle "GM"]
[WhiteElo "2471"]
[BlackElo "2536"]
[WhiteTeam "Norway"]
[BlackTeam "Sweden"]
[WhiteFideId "1506536"]
[BlackFideId "1709437"]
[EventDate "2021.09.02"]
[EventType "team"]

1. d4 Nf6 2. c4 e6 3. g3 Bb4+ 4. Bd2 Bxd2+ 5. Qxd2 d5 6. Nf3 O-O 7. Bg2 c6 8.
Qc2 b6 9. O-O Nbd7 10. Nc3 Ba6 11. Nd2 Rc8 12. Rfd1 Bxc4 13. Nxc4 dxc4 14. Qa4
b5 15. Qxa7 Nd5 16. a4 Ra8 17. Qb7 Rb8 18. Qa7 Ra8 19. Qb7 Rb8 20. Qa6 Nb4 21.
Qa7 Ra8 22. Qb7 Rb8 23. Qa7 Ra8 24. Qb7 Rb8 25. Qa7 1/2-1/2

[Event "Online Olym Div2 C 2021"]
[Site "chess.com INT"]
[Date "2021.09.04"]
[Round "7.3"]
[Board "3"]
[White "Cramling, Pia"]
[Black "Machlik, Monika"]
[Result "1-0"]
[WhiteTitle "GM"]
[WhiteElo "2455"]
[BlackElo "2096"]
[WhiteTeam "Sweden"]
[BlackTeam "Norway"]
[WhiteFideId "1700030"]
[BlackFideId "1513621"]
[EventDate "2021.09.02"]
[EventType "team"]

1. Nf3 Nf6 2. c4 e6 3. g3 a6 4. Bg2 b5 5. b3 Bb7 6. O-O c5 7. Nc3 Qb6 8. e3 Nc6
9. d4 d6 10. d5 exd5 11. cxd5 Ne5 12. Nxe5 dxe5 13. e4 Bd6 14. Be3 O-O 15. a4
Rab8 16. Qe2 Ba8 17. axb5 axb5 18. b4 Rfc8 19. Rfb1 Qd8 20. bxc5 Bxc5 21. Nxb5
Bxe3 22. Qxe3 Qd7 23. Na7 Rxb1+ 24. Rxb1 Rd8 25. Qb6 Ne8 26. Rc1 h6 27. h4 f5
28. Bh3 Qd6 29. Nc6 Qa3 30. Rb1 Bxc6 31. Qxd8 Qd3 32. Rc1 Ba4 33. Bxf5 Qd2 34.
Qc8 Kf8 35. Bg6 Qd4 36. Qf5+ Nf6 37. Rc8+ Ke7 38. Qe6# 1-0

[Event "Online Olym Div2 C 2021"]
[Site "chess.com INT"]
[Date "2021.09.04"]
[Round "7.3"]
[Board "4"]
[White "Machlik, Edit"]
[Black "Frisk, Ellinor"]
[Result "1-0"]
[BlackTitle "WIM"]
[WhiteElo "2087"]
[BlackElo "2176"]
[WhiteTeam "Norway"]
[BlackTeam "Sweden"]
[WhiteFideId "1513591"]
[BlackFideId "1708481"]
[EventDate "2021.09.02"]
[EventType "team"]

1. d4 d5 2. c4 c6 3. Nc3 e5 4. cxd5 cxd5 5. dxe5 d4 6. Qa4+ Nc6 7. Ne4 Bf5 8.
Nd2 Qd5 9. Ngf3 O-O-O 10. a3 Kb8 11. g3 Nxe5 12. Bg2 Nxf3+ 13. Bxf3 Qd7 14. Qxd7
Rxd7 15. O-O Nf6 16. Nc4 Bc5 17. Bf4+ Ka8 18. Rac1 Bb6 19. Nxb6+ axb6 20. Rfd1
Be4 21. Rc4 Bxf3 22. Ra4# 1-0

[Event "Online Olym Div2 C 2021"]
[Site "chess.com INT"]
[Date "2021.09.04"]
[Round "7.3"]
[Board "5"]
[White "Seo, Jung Min"]
[Black "Kvaloy, Aksel Bu"]
[Result "1-0"]
[WhiteTitle "IM"]
[WhiteElo "2469"]
[BlackElo "2247"]
[WhiteTeam "Sweden"]
[BlackTeam "Norway"]
[WhiteFideId "1734687"]
[BlackFideId "1528815"]
[EventDate "2021.09.02"]
[EventType "team"]

1. e4 e5 2. Nf3 Nc6 3. Bb5 a6 4. Ba4 Nf6 5. O-O Be7 6. Re1 b5 7. Bb3 O-O 8. a4
Bb7 9. d3 d6 10. Nc3 b4 11. Ne2 Na5 12. Ba2 c5 13. Ng3 Re8 14. Bd2 Bf8 15. c3 d5
16. cxb4 cxb4 17. Bg5 dxe4 18. Nxe4 b3 19. Bxf6 gxf6 20. Bxb3 Nxb3 21. Qxb3 Bd5
22. Qxd5 Qxd5 23. Nxf6+ Kg7 24. Nxd5 Rad8 25. Nc3 Rxd3 26. Rxe5 Rb8 27. Re2 1-0

[Event "Online Olym Div2 C 2021"]
[Site "chess.com INT"]
[Date "2021.09.04"]
[Round "7.3"]
[Board "6"]
[White "Lindstad, Livia"]
[Black "Zaritovskaja, Margarita"]
[Result "1-0"]
[WhiteElo "1742"]
[BlackElo "2040"]
[WhiteTeam "Norway"]
[BlackTeam "Sweden"]
[WhiteFideId "1532405"]
[BlackFideId "14149249"]
[EventDate "2021.09.02"]
[EventType "team"]

1. e4 c5 2. Nf3 d6 3. Be2 Nc6 4. c3 Nf6 5. d3 g6 6. h3 Bg7 7. Nbd2 a6 8. Nf1 Qc7
9. Ng3 b5 10. Be3 Bb7 11. Rc1 Rd8 12. d4 O-O 13. O-O Qb8 14. Qc2 cxd4 15. Nxd4
Nxd4 16. Bxd4 Rc8 17. Qd3 Qa8 18. Bf3 Rfd8 19. Bb6 Rf8 20. Rfe1 Nd7 21. Bd4 Ne5
22. Bxe5 Bxe5 23. Nf1 Rc7 24. h4 Rfc8 25. h5 b4 26. hxg6 hxg6 27. c4 Bxb2 28.
Rc2 Be5 29. Nd2 a5 30. Bg4 e6 31. Nf3 Bc3 32. Re3 Rxc4 33. Qxd6 Qb8 34. Qe7 Bf6
35. Qxf6 Rxc2 36. Ne5 Rc1+ 37. Kh2 R8c7 38. Rh3 1-0

[Event "Online Olym Div2 C 2021"]
[Site "chess.com INT"]
[Date "2021.09.04"]
[Round "7.4"]
[Board "1"]
[White "Ashiku, Franc"]
[Black "Liyanage, Ranindu Dilshan"]
[Result "1/2-1/2"]
[WhiteTitle "IM"]
[BlackTitle "CM"]
[WhiteElo "2421"]
[BlackElo "2197"]
[WhiteTeam "Albania"]
[BlackTeam "Sri Lanka"]
[WhiteFideId "4700066"]
[BlackFideId "9915834"]
[EventDate "2021.09.02"]
[EventType "team"]

1. c4 e6 2. Nf3 Nf6 3. g3 d5 4. Bg2 Be7 5. O-O O-O 6. b3 b6 7. Bb2 Bb7 8. e3
dxc4 9. bxc4 c5 10. Qe2 Nc6 11. d3 Qc7 12. Nc3 Rad8 13. Rad1 Qc8 14. Nb5 a6 15.
Nc3 Qa8 16. Ne1 Na5 17. Bh3 Bc6 18. a4 Rd7 19. f4 Rfd8 20. Nf3 Bxf3 21. Rxf3
Rxd3 22. Rxd3 Rxd3 23. Qxd3 Qxf3 24. Bg2 Qg4 25. e4 Qg6 26. f5 exf5 27. exf5 Qg4
28. Nd5 Nxd5 29. Bxd5 Bf6 30. Bxf6 gxf6 31. Bxf7+ Kxf7 32. Qd7+ Kf8 33. Qd8+ Kf7
34. Qd7+ Kf8 35. Qd6+ Kf7 36. Qe6+ Kf8 37. Qxf6+ Kg8 38. Qe6+ Kf8 39. Qd6+ Kf7
40. Qe6+ Kf8 41. Qf6+ Ke8 42. Qe6+ Kf8 1/2-1/2

[Event "Online Olym Div2 C 2021"]
[Site "chess.com INT"]
[Date "2021.09.04"]
[Round "7.4"]
[Board "2"]
[White "Doluweera, Minul Sanjula"]
[Black "Pasko, Llambi"]
[Result "0-1"]
[WhiteTitle "FM"]
[BlackTitle "IM"]
[WhiteElo "2129"]
[BlackElo "2411"]
[WhiteTeam "Sri Lanka"]
[BlackTeam "Albania"]
[WhiteFideId "9910760"]
[BlackFideId "4701178"]
[EventDate "2021.09.02"]
[EventType "team"]

1. d4 Nf6 2. c4 g6 3. Nc3 Bg7 4. e4 d6 5. h3 O-O 6. Nf3 e5 7. d5 Nbd7 8. Be3 Nc5
9. Nd2 a5 10. g4 c6 11. Be2 cxd5 12. cxd5 Bd7 13. h4 Rc8 14. h5 Ne8 15. g5 f6
16. hxg6 hxg6 17. Nb3 Nxb3 18. axb3 f5 19. f3 f4 20. Bf2 Qxg5 21. Kd2 Qd8 22.
Qg1 g5 23. Qh2 Nf6 24. Rag1 g4 25. fxg4 Rxc3 26. bxc3 Nxe4+ 27. Kc2 Nxf2 28.
Qxf2 e4 29. g5 Qc7 30. c4 a4 31. Qh4 axb3+ 32. Kd1 Ra8 33. Qh7+ Kf8 34. Ke1 Ra1+
35. Kf2 Qc5+ 36. Kg2 f3+ 37. Kg3 Rxg1+ 38. Kf4 Rg4# 0-1

[Event "Online Olym Div2 C 2021"]
[Site "chess.com INT"]
[Date "2021.09.04"]
[Round "7.4"]
[Board "3"]
[White "Shabanaj, Eglantina"]
[Black "Ranasinghe, S D"]
[Result "1-0"]
[WhiteTitle "WCM"]
[BlackTitle "WIM"]
[WhiteElo "2014"]
[BlackElo "1725"]
[WhiteTeam "Albania"]
[BlackTeam "Sri Lanka"]
[WhiteFideId "4700562"]
[BlackFideId "9902651"]
[EventDate "2021.09.02"]
[EventType "team"]

1. d4 Nf6 2. c4 e6 3. Nc3 d5 4. Nf3 Be7 5. Bg5 h6 6. Bxf6 Bxf6 7. e3 a6 8. Bd3
dxc4 9. Bxc4 b5 10. Bd3 Bb7 11. O-O Nd7 12. Rc1 c5 13. Ne4 Be7 14. dxc5 Bc6 15.
Nd4 Bd5 16. b4 Ne5 17. Bb1 O-O 18. f4 Nc4 19. Qd3 f5 20. Ng3 Bh4 21. Ngxf5 exf5
22. Nxf5 Rxf5 23. Qxf5 Nxe3 24. Qh7+ Kf7 25. Bg6+ Kf6 26. Bb1 Kf7 27. Rfd1 Nxd1
28. Qf5+ Kg8 29. Rxd1 Qf6 30. Qxd5+ Kf8 31. Qxa8+ Kf7 32. Rd7+ Ke6 33. Qd5# 1-0

[Event "Online Olym Div2 C 2021"]
[Site "chess.com INT"]
[Date "2021.09.04"]
[Round "7.4"]
[Board "4"]
[White "Tharushi, T H D Niklesha"]
[Black "Shabanaj, Alda"]
[Result "1-0"]
[WhiteTitle "WCM"]
[BlackTitle "WFM"]
[WhiteElo "1711"]
[BlackElo "1841"]
[WhiteTeam "Sri Lanka"]
[BlackTeam "Albania"]
[WhiteFideId "9918264"]
[BlackFideId "4700597"]
[EventDate "2021.09.02"]
[EventType "team"]

1. d4 Nf6 2. c4 g6 3. Nc3 d6 4. Nf3 Bg7 5. e4 O-O 6. Be2 c6 7. O-O Nbd7 8. Rb1
e5 9. d5 Qc7 10. Nd2 a6 11. a4 c5 12. b4 cxb4 13. Rxb4 Nc5 14. Ba3 Bd7 15. Qc2
Rfc8 16. Rfb1 Bh6 17. f3 Be3+ 18. Kh1 Nh5 19. Nb3 Rab8 20. Nd1 Nxb3 21. Nxe3 Nd4
22. Qd1 Nxe2 23. Qxe2 a5 24. Rb6 Bxa4 25. Bxd6 Qd7 26. Bxb8 Rxb8 27. c5 Qc7 28.
c6 Nf4 29. Qc4 Bd1 30. Nxd1 1-0

[Event "Online Olym Div2 C 2021"]
[Site "chess.com INT"]
[Date "2021.09.04"]
[Round "7.4"]
[Board "5"]
[White "Ramaj, Ergit"]
[Black "De Silva, L M S T"]
[Result "0-1"]
[BlackTitle "FM"]
[WhiteElo "1610"]
[BlackElo "2085"]
[WhiteTeam "Albania"]
[BlackTeam "Sri Lanka"]
[WhiteFideId "4703669"]
[BlackFideId "9953698"]
[EventDate "2021.09.02"]
[EventType "team"]

1. e4 e5 2. Nc3 Nf6 3. f4 d5 4. fxe5 Nxe4 5. Qf3 Nxc3 6. bxc3 Be7 7. d4 c5 8.
Bb5+ Nc6 9. Ne2 O-O 10. Nf4 Nxd4 11. cxd4 Qa5+ 12. Bd2 Qxb5 13. Nxd5 Bd8 14.
dxc5 Be6 15. a3 Qxc5 16. Bb4 Qxd5 17. Qxd5 Bxd5 18. Bxf8 Kxf8 19. O-O Bb6+ 20.
Kh1 Rc8 21. Rad1 Be6 22. Rd2 Rc5 23. Re1 Ba5 24. c3 Bxc3 25. Rc1 b6 26. Rdc2 Bd4
27. Rxc5 bxc5 28. Re1 c4 0-1

[Event "Online Olym Div2 C 2021"]
[Site "chess.com INT"]
[Date "2021.09.04"]
[Round "7.4"]
[Board "6"]
[White "Sanudula, K M Dahamdi"]
[Black "Shuqja, Klean"]
[Result "1-0"]
[WhiteTitle "WCM"]
[BlackTitle "WCM"]
[WhiteElo "1717"]
[BlackElo "1877"]
[WhiteTeam "Sri Lanka"]
[BlackTeam "Albania"]
[WhiteFideId "9932470"]
[BlackFideId "4701585"]
[EventDate "2021.09.02"]
[EventType "team"]

1. d4 Nf6 2. e3 e6 3. Bd3 d5 4. Nd2 b6 5. f4 Bd6 6. Ngf3 Bb7 7. Ne5 Nbd7 8. Qf3
c5 9. c3 Qc7 10. O-O Rf8 11. a4 c4 12. Bc2 a6 13. e4 O-O-O 14. Nxd7 Nxd7 15. e5
Be7 16. b3 cxb3 17. Bxb3 Kb8 18. Bb2 Ka7 19. Qe2 Nb8 20. Rfc1 Qd7 21. c4 Rc8 22.
a5 b5 23. cxb5 axb5 24. Bc2 Ba6 25. Bd3 Qb7 26. Nb3 Rc4 27. Nd2 Rcc8 28. f5 Nc6
29. Qf2 Bb4 30. Nb3 Be7 31. Nc5 Bxc5 32. Rxc5 Nb4 33. Be2 Rxc5 34. dxc5 Nc6 35.
fxe6 Qe7 36. exf7 Rxf7 37. Bf3 Qe6 38. Qd2 Rd7 39. Re1 h6 40. h3 Qe7 41. e6
Qxc5+ 42. Kh1 Re7 43. Qxd5 Qxd5 44. Bxd5 Nb4 45. Ba3 Nxd5 46. Bxe7 Nxe7 47. Rf1
Kb8 48. Rf7 b4 49. Rxe7 b3 50. Rd7 Bc8 51. Rd6 b2 52. Rb6+ Ka7 53. e7 Bd7 54.
Rxb2 Ka6 55. Rd2 1-0

[Event "Online Olym Div2 C 2021"]
[Site "chess.com INT"]
[Date "2021.09.04"]
[Round "7.5"]
[Board "1"]
[White "Kalezic, Blazo"]
[Black "Tate, Alan"]
[Result "1/2-1/2"]
[WhiteTitle "IM"]
[BlackTitle "FM"]
[WhiteElo "2434"]
[BlackElo "2342"]
[WhiteTeam "Montenegro"]
[BlackTeam "Scotland"]
[WhiteFideId "921815"]
[BlackFideId "2401878"]
[EventDate "2021.09.02"]
[EventType "team"]

1. e4 c5 2. Nf3 d6 3. d4 Nf6 4. Nc3 cxd4 5. Nxd4 a6 6. Bg5 Nbd7 7. Bc4 h6 8. Bh4
g6 9. Qe2 Bg7 10. O-O-O O-O 11. Bb3 Qc7 12. f4 e5 13. fxe5 dxe5 14. Nf3 b5 15.
Rhf1 Bb7 16. Nd5 Nxd5 17. exd5 Qd6 18. g4 Nc5 19. Kb1 a5 20. c3 b4 21. cxb4 Nxb3
22. axb3 a4 23. b5 a3 24. Nd2 Qxd5 25. Bf6 axb2 26. Nc4 Qxb5 27. Kxb2 Bxf6 28.
Rxf6 Rfd8 29. Rxd8+ Rxd8 30. Qxe5 Rd2+ 31. Kc3 Qxe5+ 32. Nxe5 Rxh2 33. Rxf7 Bd5
34. Rd7 Rh3+ 35. Kd4 Bxb3 36. Nxg6 Be6 37. Rd8+ Kg7 38. Nf4 Rh4 39. Nxe6+ Kf6
40. Nc5 Rxg4+ 41. Ne4+ Kf5 42. Rf8+ Kg6 43. Ke5 Kg7 44. Ra8 Rg1 45. Kf4 Rf1+ 46.
Kg4 Rg1+ 47. Ng3 Rg2 48. Ra6 Rg1 49. Kf3 Kf7 50. Rxh6 Ra1 51. Rb6 Rc1 52. Kf4
Ra1 53. Ne4 Rf1+ 54. Ke5 Re1 55. Rb2 Kg6 56. Rg2+ Kf7 57. Rg3 Re2 58. Kf5 Re1
59. Rg2 Rf1+ 60. Nf2 Ke7 61. Ke5 Kf7 62. Nd3 Ra1 63. Rf2+ Ke7 64. Nf4 Re1+ 65.
Kf5 Kd6 66. Rd2+ Kc6 67. Nd3 Re8 68. Ne5+ Kc5 69. Ke4 Re7 70. Rd5+ Kb6 71. Kd4
Rh7 72. Rd6+ Kb5 73. Rg6 Rh1 74. Rg5 Rh4+ 75. Kd5 Rh1 76. Ke4 Re1+ 77. Kf3 Rf1+
78. Ke2 Rh1 79. Nf3+ Kc6 80. Kd3 Rd1+ 81. Ke4 Kb6 82. Nd4 Re1+ 83. Kd5 Rd1 84.
Rg6+ Kc7 85. Rc6+ Kd7 86. Rc2 Ke7 87. Ke5 Re1+ 88. Ne2 Kd7 89. Rd2+ Ke7 90. Kf5
Rf1+ 91. Kg6 Rf2 92. Kg5 Rg2+ 93. Kf4 Rh2 94. Ra2 Rf2+ 95. Ke3 Rh2 96. Ra6 Rh3+
97. Ke4 Rb3 98. Nd4 Rb4 99. Ke5 Rb1 100. Ra7+ 1/2-1/2

[Event "Online Olym Div2 C 2021"]
[Site "chess.com INT"]
[Date "2021.09.04"]
[Round "7.5"]
[Board "2"]
[White "Abdulla, Murad"]
[Black "Potpara, Nikola"]
[Result "0-1"]
[WhiteTitle "FM"]
[WhiteElo "2287"]
[BlackElo "2374"]
[WhiteTeam "Scotland"]
[BlackTeam "Montenegro"]
[WhiteFideId "2403757"]
[BlackFideId "910058"]
[EventDate "2021.09.02"]
[EventType "team"]

1. e4 c5 2. Nf3 g6 3. d4 cxd4 4. Qxd4 Nf6 5. Nc3 Nc6 6. Qa4 d6 7. e5 dxe5 8.
Nxe5 Bd7 9. Nxd7 Nxd7 10. Bd2 Bg7 11. h4 Nb6 12. Qe4 Qd4 13. O-O-O O-O 14. Be3
Qb4 15. Qxb4 Nxb4 16. a3 Bxc3 17. bxc3 N4d5 18. Bd4 Rac8 19. Rh3 f6 20. c4 Nxc4
21. Bxa7 e6 22. Bd4 Kf7 23. Rb3 Nd6 24. f3 Rc6 25. Kb1 Rfc8 26. Rb2 R8c7 27. g3
Nf5 28. Bf2 Nc3+ 29. Kc1 Nxd1 30. Kxd1 Nd6 31. Bd3 Nc4 32. Rb3 f5 33. f4 Rd7 34.
Ke2 Nd6 35. Kf3 b5 36. Bd4 Nc4 37. Be3 e5 38. Bxc4+ bxc4 39. Rb8 e4+ 40. Ke2 c3
41. a4 Rc4 42. Rb3 Rdc7 43. a5 Ra4 44. Bb6 Rc8 45. Ke3 Ra2 46. Bd4 Rxc2 47. Rb7+
Ke6 48. a6 Ra2 49. a7 c2 50. Rb6+ Kd5 51. Rb5+ Kc4 0-1

[Event "Online Olym Div2 C 2021"]
[Site "chess.com INT"]
[Date "2021.09.04"]
[Round "7.5"]
[Board "3"]
[White "Milovic, Aleksandra"]
[Black "Roy, Ali"]
[Result "0-1"]
[WhiteTitle "WIM"]
[WhiteElo "2129"]
[BlackElo "1878"]
[WhiteTeam "Montenegro"]
[BlackTeam "Scotland"]
[WhiteFideId "933988"]
[BlackFideId "2400456"]
[EventDate "2021.09.02"]
[EventType "team"]

1. Nc3 d5 2. d4 Nf6 3. Bg5 e6 4. Qd3 Be7 5. O-O-O Nbd7 6. f3 O-O 7. h4 c5 8. e4
cxd4 9. Qxd4 e5 10. Qf2 d4 11. Nd5 Nxd5 12. exd5 Nb6 13. Qg3 Bf5 14. Qxe5 Bxg5+
15. hxg5 Qxg5+ 16. f4 Qg6 17. Bd3 Bxd3 18. cxd3 Rac8+ 19. Kb1 Qxg2 20. Qe4 Qc2+ 0-1

[Event "Online Olym Div2 C 2021"]
[Site "chess.com INT"]
[Date "2021.09.04"]
[Round "7.5"]
[Board "4"]
[White "Lampard, Alice"]
[Black "Koljevic, Nikolina"]
[Result "0-1"]
[WhiteElo "1763"]
[BlackElo "1950"]
[WhiteTeam "Scotland"]
[BlackTeam "Montenegro"]
[WhiteFideId "2402750"]
[BlackFideId "16503945"]
[EventDate "2021.09.02"]
[EventType "team"]

1. d4 Nf6 2. c4 e6 3. Nc3 Bb4 4. Qc2 d5 5. e3 c5 6. Nf3 Nc6 7. a3 Bxc3+ 8. bxc3
O-O 9. Be2 b6 10. O-O Qc7 11. a4 Ba6 12. cxd5 Bxe2 13. Qxe2 exd5 14. Ba3 Ne4 15.
Qb2 Na5 16. Nd2 Nxd2 17. Qxd2 Nb3 18. Qa2 Nxa1 19. Rxa1 Rfd8 20. Rd1 cxd4 21.
cxd4 Rac8 22. h3 Qc2 23. Qa1 Qxa4 24. Rc1 b5 25. Bc5 Qxa1 26. Rxa1 Rd7 27. Kf1
Ra8 28. Ra6 Rb7 29. Bb4 Rc8 30. Rd6 a5 31. Bxa5 b4 32. Bxb4 Rxb4 33. Rxd5 Rb2
34. g4 Kf8 35. Kg2 Rcc2 36. Rf5 Ke7 37. Kg3 g6 38. Re5+ Kd6 39. f3 f6 40. Ra5 g5
41. f4 h6 42. Kf3 Rh2 43. Ke4 Rb6 44. fxg5 hxg5 45. Rf5 Ke7 46. Rf3 Rb8 47. Kf5
Rh8 48. Kg6 R2xh3 49. Rf5 Rxe3 50. Rxf6 Rg8+ 51. Kh7 Kxf6 52. Kxg8 Re7 53. d5
Ra7 54. d6 Rd7 55. Kh8 Kg6 56. Kg8 Rd8# 0-1

[Event "Online Olym Div2 C 2021"]
[Site "chess.com INT"]
[Date "2021.09.04"]
[Round "7.5"]
[Board "5"]
[White "Miletic, Vuk"]
[Black "Sanger, Jake M"]
[Result "0-1"]
[WhiteElo "2249"]
[BlackElo "1936"]
[WhiteTeam "Montenegro"]
[BlackTeam "Scotland"]
[WhiteFideId "16503406"]
[BlackFideId "2406136"]
[EventDate "2021.09.02"]
[EventType "team"]

1. Nf3 Nf6 2. c4 c6 3. Nc3 d5 4. d4 e6 5. Qd3 dxc4 6. Qxc4 b5 7. Qd3 Be7 8. e4
O-O 9. Bg5 b4 10. Ne2 c5 11. e5 Nd5 12. h4 Ba6 13. Qe4 Nd7 14. Nf4 Bxf1 15. Kxf1
Nxf4 16. Bxf4 Re8 17. Rd1 Qa5 18. Qb1 c4 19. Bg5 c3 20. Bxe7 Rxe7 21. Ng5 Nf8
22. b3 Qa6+ 23. Kg1 Qe2 24. Re1 Qd2 25. Nf3 Qf4 26. Re4 Qh6 27. Qc2 a5 28. a4
bxa3 29. Qxc3 Rb7 30. Kh2 Rab8 31. Re3 Ng6 32. g3 Ne7 33. Qxa5 Nd5 34. Rd3 Qg6
35. Rhd1 Nb4 36. R3d2 Qg4 37. Ne1 Nd5 38. Qa4 Nc3 39. f3 Qf5 40. Qxa3 Nxd1 41.
Rxd1 Rxb3 42. Qa5 Rb2+ 43. Rd2 Rxd2+ 44. Qxd2 Qb1 45. Ng2 h6 46. d5 Rb2 47. Qc3
exd5 48. g4 Qc2 49. Qxc2 Rxc2 50. Kg3 d4 51. Ne1 Re2 52. Nd3 Re3 53. Nf4 d3 54.
Kf2 d2 0-1

[Event "Online Olym Div2 C 2021"]
[Site "chess.com INT"]
[Date "2021.09.04"]
[Round "8.1"]
[Board "1"]
[White "Aleksandrov, Aleksej"]
[Black "Tate, Alan"]
[Result "1-0"]
[WhiteTitle "GM"]
[BlackTitle "FM"]
[WhiteElo "2525"]
[BlackElo "2342"]
[WhiteTeam "Belarus"]
[BlackTeam "Scotland"]
[WhiteFideId "13500139"]
[BlackFideId "2401878"]
[EventDate "2021.09.02"]
[EventType "team"]

1. d4 d5 2. c4 e6 3. Nc3 Nf6 4. cxd5 Nxd5 5. e3 c5 6. Nf3 Nc6 7. Bd3 cxd4 8.
exd4 Be7 9. O-O O-O 10. Re1 Nf6 11. a3 b6 12. Bg5 Bb7 13. Rc1 Nd5 14. h4 Nxc3
15. bxc3 h6 16. Bxe7 Nxe7 17. Bb1 Nf5 18. h5 Qf6 19. Qd3 Rfd8 20. Re5 Rac8 21.
Rce1 Kf8 22. a4 Bd5 23. Nh2 Qh4 24. g4 Ne7 25. R1e3 Ng8 26. Rg3 Nf6 27. Rh3 Qxh3
28. Qxh3 a6 29. g5 hxg5 30. h6 gxh6 31. Qxh6+ Ke7 32. Qh3 Rh8 33. Qg3 g4 34. Kf1
Rh3 35. Qf4 g3 36. fxg3 Rxh2 37. Bd3 Rch8 38. Ke1 Ra2 39. Bf1 Rhh2 40. Re2 Ra1+
41. Kd2 Ne4+ 42. Ke3 Rxe2+ 43. Bxe2 f5 44. Qc7+ Kf6 45. Qxb6 Nxg3 46. Qd8+ Kg6
47. Qg8+ Kf6 48. Qxg3 Ra3 49. Qh4+ Kf7 50. Bh5+ Kf8 51. Qf6+ 1-0

[Event "Online Olym Div2 C 2021"]
[Site "chess.com INT"]
[Date "2021.09.04"]
[Round "8.1"]
[Board "2"]
[White "Abdulla, Murad"]
[Black "Nikitenko, Mihail"]
[Result "0-1"]
[WhiteTitle "FM"]
[BlackTitle "IM"]
[WhiteElo "2287"]
[BlackElo "2501"]
[WhiteTeam "Scotland"]
[BlackTeam "Belarus"]
[WhiteFideId "2403757"]
[BlackFideId "13506862"]
[EventDate "2021.09.02"]
[EventType "team"]

1. e4 e5 2. Nf3 Nc6 3. Bc4 Bc5 4. d3 Nf6 5. c3 d6 6. h3 a6 7. a4 h6 8. Na3 O-O
9. O-O Re8 10. Nc2 d5 11. exd5 Nxd5 12. d4 exd4 13. Ncxd4 Nxd4 14. Nxd4 c6 15.
a5 Qf6 16. Ra4 Nf4 17. Bxf4 Qxf4 18. Ne6 Bxe6 19. Bxe6 Qe5 20. Ba2 Rad8 21. Qf3
Re7 22. Rf4 Rdd7 23. Rf5 Qd6 24. b4 Ba7 25. Bb3 Qc7 26. Rd1 g6 27. Rf6 Kg7 28.
Rf1 Bb8 29. g3 Qd8 30. h4 Be5 31. Rf4 Bxf4 32. Qxf4 Qc7 33. Qf3 Qe5 34. Kg2 Rd6
35. h5 Rf6 36. Qg4 Qxh5 37. Qxh5 gxh5 38. Bd1 Re5 39. Rh1 Rd6 40. Bxh5 Rd3 41.
Rh4 Rxc3 42. Bf3 Rc2 43. Rg4+ Kf8 44. Rh4 Kg7 45. Rd4 Rb2 46. Rg4+ Rg5 47. Rd4
Rb5 48. Rg4+ Kf8 49. Rh4 R2xb4 50. Rxh6 Rxa5 51. Rh8+ Kg7 52. Rb8 Rc5 53. Ra8
Rc2 0-1

[Event "Online Olym Div2 C 2021"]
[Site "chess.com INT"]
[Date "2021.09.04"]
[Round "8.1"]
[Board "3"]
[White "Tarasenka, Aliaksandra"]
[Black "Roy, Ali"]
[Result "1-0"]
[WhiteTitle "WFM"]
[WhiteElo "2124"]
[BlackElo "1878"]
[WhiteTeam "Belarus"]
[BlackTeam "Scotland"]
[WhiteFideId "13514288"]
[BlackFideId "2400456"]
[EventDate "2021.09.02"]
[EventType "team"]

1. d4 d5 2. c4 c6 3. Qc2 Nf6 4. Nf3 e6 5. g3 Be7 6. Bg2 Nbd7 7. O-O O-O 8. Nbd2
b6 9. e4 dxe4 10. Ng5 Bb7 11. Ngxe4 Qc7 12. c5 Nxe4 13. Nxe4 e5 14. cxb6 axb6
15. dxe5 Nxe5 16. Bf4 f5 17. Nc3 Bd6 18. Nb5 cxb5 19. Qxc7 Bxc7 20. Bxb7 Rab8
21. Bd5+ Kh8 22. Rfe1 Rfe8 23. Re3 Rbd8 24. Bg2 Re6 25. Rae1 Rde8 26. Bd5 R6e7
27. Bg5 Bd6 28. Bxe7 Rxe7 29. Kg2 g5 30. f3 Kg7 31. f4 gxf4 32. gxf4 Ng6 33.
Rxe7+ Bxe7 34. Kf3 Bc5 35. a3 b4 36. a4 Ne7 37. Re5 Bd6 38. Re6 Bc5 39. Bc4 Ng6
40. Rc6 Ne7 41. Rc7 Kf6 42. a5 Bd6 43. Rd7 Bc5 44. a6 Nc6 45. a7 Nxa7 46. Rxa7
b5 47. Ra6+ Ke7 48. Bxb5 1-0